000 01683nam a2200229Ia 4500
003 Ost
005 20260507075653.0
008 260507s9999||||xx |||||||||||||| ||und||
040 _cfsecg
041 _aara
082 _a347.06
100 _aموسى، خالد
_eمؤلف
245 0 _aطرق الإثبات في المواد المدنية والتجارية :
_bفي ضوء الفقه والتشريع وأحكام محكمة النقض /
_c خالد موسى
260 _aالقاهرة:
_bالمكتب الثقافي للنشر والتوزيع,
_c2004
300 _a327 صفحة؛
_bإيضاحات ؛
_c24 سم
520 _aماهية طرق الإثبات- حجية المحرارات الرسمية وماهي شروط اللازم توافرها حتى تتصف بالرسمية؟- المحرارات العرفية- حجية المحرارات العرفية المعدة للإثبات- حجية المحرارات العرفية بالنسبة للغير- الطعن بالتزوير -اجراءات الطعن بالتزوير الواردة في قانون الإثبات- التنازل عن الطعن بالتزوير- التوقيع على بياض- المحرارات العرفية غير المعدة للإثبات- الإثبات بشهادة الشهود البينية- حق المحكمة في احالة الدعوى للتحقيق من تلقاء نفسها- الإقرار- خصائص الإقرار- الإقرار القضائي- اليمين- المعاينة- الخبرة.
653 _aالإثباث
653 _aالتشريع
653 _aالقانون التجاري
653 _aالقانون المدني
942 _cكتاب
999 _c45639
_d45639